00493 a2200181 450000100060000002000160000604000240002210000320004624000250007824500200010330000080012336200090013144000120014065000310015294200070018395201040019099900170029469079 a850807736-x cAnchieta - Itaigara aAndrade, Carlos Drummond de10aRick e a girafalpor10aRick e a girafa a1090 a2002 1aÁtica 4aLiteratura infanto-juvenil cBK 00104070a88.1b88.1d2023-11-21l0o028.5 AND RICp1027/ITAr2023-11-21 20:03:29w2023-11-21yBK c69079d69079